NLSUI OPAC header image

Child labour in carpet industry (Record no. 7237)

MARC details
000 -LEADER
fixed length control field 00402nam a2200157Ia 4500
008 - FIXED-LENGTH DATA ELEMENTS--GENERAL INFORMATION
fixed length control field 160316s1993 xxu||||| |||| 00| 0 eng d
082 ## - DEWEY DECIMAL CLASSIFICATION NUMBER
Classification number 344.013000
Item number VIJ
100 ## - MAIN ENTRY--PERSONAL NAME
Personal name Vijayagopalan S
245 ## - TITLE STATEMENT
Title Child labour in carpet industry
250 ## - EDITION STATEMENT
Edition statement
260 ## - PUBLICATION, DISTRIBUTION, ETC.
Place of publication, distribution, etc. New Delhi
Name of publisher, distributor, etc. National Council of Applied Economic Research
Date of publication, distribution, etc. 1993
300 ## - PHYSICAL DESCRIPTION
Extent 64p.
Other physical details
Dimensions
365 ## - TRADE PRICE
Price amount Rs.120/-
650 ## - SUBJECT ADDED ENTRY--TOPICAL TERM
Topical term or geographic name entry element
700 ## - ADDED ENTRY--PERSONAL NAME
Personal name
--
Holdings
Withdrawn status Lost status Damaged status Not for loan Home library Current library Shelving location Date acquired Cost, normal purchase price Total Checkouts Full call number Barcode Date last seen Price effective from Koha item type Public note
        . .   30.05.2017 120.00   344.013 VIJ 7455 14.06.2024 30.05.2017 BOOKs PAMPHLET TYPE